00625nam a22001697a 4500020001800000082001400018100001900032245006300051260004900114300002500163500002000188650004000208700003800248942000700286999001700293952014500310 a9789350140376 a621.3 VER aVerma, Brijesh aQuestion bank in electronics and communication engineering aNew Delhi, IndiabS.K. Kataria & Sons.c2010 axxiv, 775 p.bill. ; aIncludes index. aElectrical electronics--engineering aBalasubramaniam, M. and Raja M.V. cBK c12575d12575 001040708NFICaCLbCLcGENd2013-12-27eAllied Book Companyg688.88l1m1o621.3 VERpSEECS013107r2021-11-05s2021-09-22w2014-01-08yBK